La invención de América: investigación acerca de la estructura histórica del nuevo mundo y del sentido de su devenir
Saved in:
| Main Author: | |
|---|---|
| Format: | Book |
| Language: | Spanish |
| Published: |
Ciudad de México
Fondo de Cultura Económica
2006
|
| Edition: | 4a. ed |
| Series: | Biblioteca Universitaria de Bolsillo
|
| Subjects: | |
| Tags: |
Add Tag
No Tags, Be the first to tag this record!
|
MARC
| LEADER | 00000cam a2200000 a 4500 | ||
|---|---|---|---|
| 001 | UCH1914 | ||
| 003 | CL-VaPUC | ||
| 008 | 090520e20060000MX |||||||||||||||||spa|d | ||
| 020 | |a 9681680154 | ||
| 082 | 0 | 4 | |a 980 |b OGO |2 21 |
| 100 | |a O'Gorman, Edmundo |e autor |9 876844 | ||
| 245 | 1 | 3 | |a La invención de América: investigación acerca de la estructura histórica del nuevo mundo y del sentido de su devenir |
| 250 | |a 4a. ed | ||
| 300 | |a 256 p | ||
| 942 | |c BK | ||
| 945 | |d 20090520 00:00:00 |a rbrito | ||
| 260 | |a Ciudad de México |b Fondo de Cultura Económica |c 2006 | ||
| 650 | 0 | |a Historia de América |9 266076 | |
| 650 | 7 | |a DESCUBRIMIENTO |2 CL-VaPUC |9 321428 | |
| 651 | 0 | |a América |9 255182 | |
| 583 | |a last modification |c 20141127 11:47:54 |k Rodrigo Vera | ||
| 490 | 0 | |a Biblioteca Universitaria de Bolsillo | |
| 999 | |c 333808 |d 333806 | ||
| 952 | |0 0 |1 0 |4 0 |6 980_000000000000000_OGO_2006 |7 0 |8 R |9 422433 |a BIBHIS |b BIBHIS |d 2019-11-22 |i 4550994 |l 13 |o 980 OGO 2006 |p 4550994 |r 2024-04-11 |s 2024-04-10 |w 2019-11-22 |y BK_R |k HIS | ||
| 952 | |0 0 |1 0 |3 erb |4 0 |6 980_000000000000000_OGO_2006 |7 0 |8 A |9 422434 |a BIBCUR |b BIBCUR |i 5126975 |o 980 OGO 2006 |p 5126975 |r 2025-04-22 |w 2019-11-22 |y BK |z Catalogado en:20141127 |k PER | ||
| 952 | |0 0 |1 0 |3 erb |4 0 |6 980_000000000000000_OGO_2006 |7 0 |8 A |9 422435 |a BIBEDU |b BIBEDU |i 5267951 |o 980 OGO 2006 |p 5267951 |r 2019-11-22 |w 2019-11-22 |y BK |z Catalogado en:20160324 |k FIL | ||